| 000 | 01253cam a2200301 i 4500 | ||
|---|---|---|---|
| 001 | 115651 | ||
| 005 | 20230410130926.0 | ||
| 008 | 140409s2008 nx a 000 0 eng | ||
| 020 | _a9780312427481 | ||
| 020 | _a0312427484 | ||
| 041 | 0 | _aEng | |
| 050 | 1 | 4 |
_aPQ 8098.1 _bB687s 2008 |
| 100 | 1 | _aBolaño, Robero | |
| 245 | 1 | 4 |
_aThe savage detectives/ _bTraslated from the spanish and with an introduction by Natasha Wimmer _cRoberto Bolaño, Natasha Wimmer |
| 260 |
_aNew York: _bStraus and Giroux, _c2008 |
||
| 300 |
_a646 p.: _c21cm |
||
| 500 | _a"Originally published in 1998 by Editorial Anagrama, Spain, as Los detectives salvajes"--T.p. verso. | ||
| 520 | _a"Chronicles the strange journey of two Latin American poets, Arturo Belano and Ulises Lima, as seen through the eyes of the people whose paths they cross in Central America, Europe, Israel, and West Africa"--NoveList. | ||
| 650 | 0 | _aPoets, mexican- fiction | |
| 650 | 0 | _aFugitives from justice- mexico fiction | |
| 650 | 0 | _aUnderground literature- fiction | |
| 650 | 4 |
_aPoetas, mexicano _xFicción. |
|
| 650 | 4 |
_aFugitivos de la justicia _xMéxico ficción. |
|
| 650 | 4 |
_aSubterráneo literatura _xFicción. |
|
| 700 | 1 | _aWimmer, Natasha | |
| 942 |
_2lcc _cbk |
||
| 946 | _adpf | ||
| 999 |
_c82878 _d82878 |
||